000 00492nam a2200205Ia 4500
003 0100
008 130227s9999 xx 000 0 und d
040 _cARRUPELIB
050 _aQ125.D38 2004
100 _aDewitt, Richard
245 _aWorld views
245 _ban introduction to the history and philosophy of science
260 _aVictoria
260 _bBlackwell
260 _C2004
300 _axii
300 _b 326p. 23cm.
650 _bSocial psychology
942 _2lcc
_03
999 _c5620
_d5620